Paroles - La java de Broadway - Michel Sardou - Statistiques

Statistiques générales
  • Ce quiz a été pris 787 fois
  • Le résultat moyen est 257 sur 311
Statistiques - réponses
Réponse % Correct
à
99%
a
99%
A
99%
java,
99%
java
99%
la
99%
La
99%
là,
99%
Broadway,
98%
le
98%
on
98%
On
98%
Quand
98%
Quand
98%
quand
98%
de
97%
samedi
97%
C'est
94%
c'est
94%
fait
94%
pas
94%
qui
94%
mais
93%
Ça
91%
ça
91%
ou
91%
vraie
91%
vraie,
91%
comme
90%
du
89%
elle
89%
Elle
89%
plaît.
89%
Oui
87%
peut-être
86%
va,
86%
y
86%
Y
86%
besoin
83%
bourbon.
82%
Meudon.
81%
dans
77%
swingue
77%
les
74%
Les
74%
s'défonce,
69%
d'beaujolais
68%
des
68%
est
68%
se
67%
danse
63%
Sur
62%
sur
62%
et
60%
Et
60%
bars.
59%
fin
57%
beaujolais
54%
en
53%
ne
52%
bourrés,
51%
Si
49%
nanas,
47%
nanas
47%
plus
47%
une
46%
vraies
46%
vraies,
46%
Californie.
45%
même.
44%
nous
43%
sait
42%
Clichy
41%
coups
41%
grands
41%
Jusqu'à
41%
midi
40%
42ème.
39%
tire
39%
au
38%
d'arrosoir.
38%
sort
38%
Saint-Paul De Vence
37%
balai,
35%
chiens
35%
arrivent
34%
oscars.
34%
trottoirs.
34%
l'on
32%
50ème.
31%
décerne
31%
rigole
31%
complet,
28%
jazz
28%
blues
27%
bordées
27%
rock.
27%
dort
26%
douze,
25%
dix
24%
verres
24%
teintée
22%
s'entrechoquent,
21%
problèmes.
20%
n'voit
14%
Aucun quiz correspondant
Distribution des résultats
% des personnes avec chaque résultat
Percentile par nombre de réponses
Votre historique - résultats
Vous n’avez pas pris ce quiz